<?xml version="1.0" encoding="UTF-8"?>
<record
    xmlns:xsi="http://www.w3.org/2001/XMLSchema-instance"
    xsi:schemaLocation="http://www.loc.gov/MARC21/slim http://www.loc.gov/standards/marcxml/schema/MARC21slim.xsd"
    xmlns="http://www.loc.gov/MARC21/slim">

  <leader>00874cam a22002291a 4500</leader>
  <controlfield tag="001">ca 24000715 </controlfield>
  <controlfield tag="003">DLC</controlfield>
  <controlfield tag="005">20260227111113.0</controlfield>
  <controlfield tag="008">840224s1924    ksu           000 0deng  </controlfield>
  <datafield tag="010" ind1=" " ind2=" ">
    <subfield code="a">ca 24000715 </subfield>
  </datafield>
  <datafield tag="040" ind1=" " ind2=" ">
    <subfield code="a">DLC</subfield>
    <subfield code="c">DLC</subfield>
    <subfield code="d">DLC</subfield>
  </datafield>
  <datafield tag="050" ind1="0" ind2="0">
    <subfield code="a">DC137</subfield>
    <subfield code="b">.G6</subfield>
  </datafield>
  <datafield tag="051" ind1=" " ind2=" ">
    <subfield code="a">AC1</subfield>
    <subfield code="b">.L8 no. 515</subfield>
    <subfield code="c">Has author's inscription on p. [2] of cover: "With warm regards, L.R. Gottschalk." Verso of t.p.: "Gift, Amer. Hist. Review, Ap. 7, '24."</subfield>
  </datafield>
  <datafield tag="100" ind1="1" ind2=" ">
    <subfield code="a">Gottschalk, Louis Reichenthal,</subfield>
    <subfield code="d">1899-1975.</subfield>
  </datafield>
  <datafield tag="245" ind1="1" ind2="4">
    <subfield code="a">The fall of Louis XVI /</subfield>
    <subfield code="c">Louis R. Gottschalk.</subfield>
  </datafield>
  <datafield tag="260" ind1=" " ind2=" ">
    <subfield code="a">Girard, Kan. :</subfield>
    <subfield code="b">Haldeman-Julius Co.,</subfield>
    <subfield code="c">c1924.</subfield>
  </datafield>
  <datafield tag="300" ind1=" " ind2=" ">
    <subfield code="a">64 p. ;</subfield>
    <subfield code="c">13 cm.</subfield>
  </datafield>
  <datafield tag="440" ind1=" " ind2="0">
    <subfield code="a">Little blue book ;</subfield>
    <subfield code="v">no. 515</subfield>
  </datafield>
  <datafield tag="500" ind1=" " ind2=" ">
    <subfield code="a">Has publisher's advertisements on p. [4] of cover.</subfield>
  </datafield>
  <datafield tag="600" ind1="0" ind2="0">
    <subfield code="a">Louis</subfield>
    <subfield code="b">XVI,</subfield>
    <subfield code="c">King of France,</subfield>
    <subfield code="d">1754-1793.</subfield>
  </datafield>
  <datafield tag="651" ind1=" " ind2="0">
    <subfield code="a">France</subfield>
    <subfield code="x">History</subfield>
    <subfield code="y">Revolution, 1789-1799.</subfield>
  </datafield>
  <datafield tag="999" ind1=" " ind2=" ">
    <subfield code="c">15846</subfield>
    <subfield code="d">15846</subfield>
  </datafield>
</record>
